000 00264nam a22001217a 4500
008 180215b xxu||||| |||| 00| 0 eng d
041 _aeng
080 _a574
100 _a9
101 _amje
245 _aenviromental regulation
_c barry.p.b
942 _2udc
_cBK
999 _c42632
_d42632